000
00297nam a2200133Ia 4500
008
260604s9999 xx 000 0 und d
020
_a
9781529146844
082
_a
303.4 LEO
100
_a
Paul leonardi
_9
35904
245
0
_a
Digital Exhaustion
260
_b
PRH
500
_a
Digital
942
_c
BK
999
_c
8744
_d
8744